| 000 | 00410nam a2200157Ia 4500 | ||
|---|---|---|---|
| 008 | 210716s2001 xx 000 0 und d | ||
| 020 | _a817722090X | ||
| 041 | _aeng | ||
| 082 | _a004.6005 AUSB | ||
| 100 | _aAustin, Brian. | ||
| 245 |
_aWeb page design: in easy steps. _bIn easy steps. |
||
| 250 | _a1 | ||
| 260 |
_aNew Delhi _bDreamtech Press _c2001 |
||
| 300 | _a186 | ||
| 650 | _aWeb Design & Development | ||
| 999 |
_c186555 _d186555 |
||